Theoretical foundations of multimedia

Αποθηκεύτηκε σε:
Λεπτομέρειες βιβλιογραφικής εγγραφής
Κύριος συγγραφέας: Tannenbaum, Robert S. (Robert Sher)
Μορφή: Βιβλίο
Γλώσσα:English
Δημοσίευση: New York : Computer Science Press, c1998
Θέματα:
Ετικέτες: Προσθήκη ετικέτας
Δεν υπάρχουν, Καταχωρήστε ετικέτα πρώτοι!

MARC

LEADER 00000nam a2200000 i 4500
001 1/58142
008 020211s1998 eng d
020 |a 0-7167-8321-5 
035 |l 10000279 
040 |a GR-MY-UA  |b gre  |e aacr 
041 0 |a eng 
082 0 |a 006.7 
100 1 |a Tannenbaum, Robert S.  |q (Robert Sher) 
245 1 0 |a Theoretical foundations of multimedia /  |c Robert S. Tannenbaum 
260 |a New York :   |b Computer Science Press,   |c c1998 
300 |a xvi, 624 p.;  |b ill.;  |c 26 cm.+  |e 1 computer laser optical disc (4 3/4 in.) 
504 |a Includes bibliographical references and index 
650 0 0 |a Multimedia systems. 
852 |a INST  |b SAMOS  |e 20020211  |h 006.7 TAN  |p 005300020365  |q 005300020365  |t BK  |y 0 
852 |a INST  |b SAMOS  |e 20020211  |h 006.7 TAN   |p 005300020364  |q 005300020364  |t BK  |y 0 
901 |a BIBL3-2002-1 
909 |a Σ  |b 087242 
909 |a Σ  |b 087243 
922 |a 3ΕΛΗ  |b 200002  |c ΤΠΕΣ/ΠΟΛ  |d LEADER 
970 |a ΠΟΥΡΝΑΡΑΣ  |b ΔΗΜΗΤΡΗΣ  |z 2002/02/11